000 01038nam a2200301 i 4500
001 000015319
003 DO-SdBNP
005 20240906145550.0
007 ta
008 100205s2008 dr r 000 0 spa d
040 _aDO-SdBNP
_bspa
_cBNPHU
_erda
041 _aspa
082 4 _a340.54
_bR457d
_222
100 1 _aReyes Cerda, Nelson
_910169
_4aut.
_eautor
245 1 0 _aDerecho romano :
_bsu historia, principios generales de la legislación romana /
_cNelson Reyes Cerda.
264 1 _aSanto Domingo :
_bFECON,
_c2008.
300 _a329 páginas ;
_c21 cm.
336 _2rdacontent
_ardacontent
_btxt
337 _2rdamedia
_asin mediación
_bn
338 _2rdcarrier
_avolumen
_bnc
500 _aIncluye datos biográficos del autor en la contracubierta.
504 _aBibliografía : p. 329
590 _aInventariado, 2018/BT
650 7 _aDerecho romano
_91818
_2LEMB
710 1 _aFundación Educación Constitucional (República Dominicana)
_934642
910 _aValidado. Control de calidad. MMOLINA
942 _2ddc
_cLBS1
999 _c14885
_d14885